<The> Extent, structure and change of German, Japanese and ES American direct investment in ASEAN countries

Gespeichert in:
Bibliographische Detailangaben
1. Verfasser: Gross, Martin
Format: Buch
Sprache:Englisch
Veröffentlicht: Kiel Institut für Weltwirtschaft 1985
Schriftenreihe:Kiel Working Paper no. 239
Tags: Tag hinzufügen
Keine Tags, Fügen Sie das erste Tag hinzu!

MARC

LEADER 00000nam a2200000 4500
001 c110451
005 20250521092932.1
041 0 |a eng 
044 |a DE 
245 1 0 |a <The> Extent, structure and change of German, Japanese and ES American direct investment in ASEAN countries  |c Martin Gross 
264 1 |a Kiel  |b Institut für Weltwirtschaft  |c 1985 
300 |a 21 s. 
490 1 |a Kiel Working Paper  |v no. 239 
830 0 |a Kiel Working Paper  |v no. 239 
100 1 |a Gross, Martin